00542nam a2200193Ii 450000100060000000300090000600800410001502000150005604000330007104100080010408200180011210000280013024500220015826400750018030000120025533600260026733700280029333800270032113716CO-ViMGA241108s9999||||xx |||||||||||||| ||und|| a8473671775 aCO-ViMGAbspaerdacCO-ViMGA0 aspa04aF.FC 804 L19s1 aLawrence, David Herbert10aSexo y literatura 1aMadrid, España : Fontamara, [Fecha de publicación no identificada] avolumen atextbtxt2rdacontent aunmediatedbn2rdamedia avolumebnc2rdacarrier